00429nam a22001337a 4500008004100000020001500041082001900056100002300075245004900098300002700147942001200174999001100186952009800197230602b xxu||||| |||| 00| 0 eng d a9966712305 a923.26267bPAT cZarina Pateld2006 aUniquietbThe Life and Times of Makhan Singh axxiii:563 pePictorial 2ddccBK c90d90 00102ddc4070a001b001d2023-06-02l0o923.26267 PATp10014376r2023-06-02w2023-06-02yBK